Computer Networks/ (Record no. 615020)

000 -LEADER
fixed length control field 00336nam a22001217a 4500
020 ## - INTERNATIONAL STANDARD BOOK NUMBER
International Standard Book Number 978-9332518742
082 ## - DEWEY DECIMAL CLASSIFICATION NUMBER
Classification number 004.6
Author Mark TAN
100 ## - MAIN ENTRY--PERSONAL NAME
Personal name Tanenbaum, Andrew S.
245 ## - TITLE STATEMENT
Title Computer Networks/
Statement of responsibility, etc. Andrew S. Tanenbaum
260 ## - PUBLICATION, DISTRIBUTION, ETC.
Place of publication, distribution, etc. India;
Name of publisher, distributor, etc. Prentice Hall, Indian International Ed.,
Date of publication, distribution, etc. 2011.
300 ## - PHYSICAL DESCRIPTION
Extent 960p. ;
942 ## - ADDED ENTRY ELEMENTS (KOHA)
Source of classification or shelving scheme
Koha item type Book
Holdings
Withdrawn status Lost status Source of classification or shelving scheme Damaged status Not for loan Permanent Location Current Location Shelving location Date acquired Total Checkouts Full call number Barcode Date last seen Price effective from Koha item type
          Central Library (CL) Central Library (CL) Lincoln Corner 10/03/2025   004.6 TAN LC-473 10/03/2025 10/03/2025 Book
© 2023 Central Library, National University of Sciences and Technology. All Rights Reserved.